Personnages de dessins animés en images - N - Statistiques

Statistiques générales
  • Ce quiz a été pris 753 fois
  • Le résultat moyen est 6 sur 16
Statistiques - réponses
Par images Réponse % Correct
Nemo
100%
Naruto Uzumaki
97%
Nala
91%
Nadia
88%
Ned Flanders
60%
Nick Wild
50%
Nana
39%
Prince Naveen
35%
Narcisse
23%
Noa
18%
Nanny
16%
Nigel Delajungle
11%
Norm
6%
Namaari
5%
Nangi
3%
Nash
3%
Aucun quiz correspondant
Distribution des résultats
% des personnes avec chaque résultat
Percentile par nombre de réponses
Votre historique - résultats
Vous n’avez pas pris ce quiz